Statistics for Cincinnati Reds All Time Homerun Leaders

Click here to take the quiz!

General Stats

  • This quiz has been taken 19 times
  • The average score is 13 of 25

Answer Stats

YearsHits (Position)Answer% Correct
2007-Present356 (1B)Joey Votto
94%
1967-1983389 (C)Johnny Bench
94%
2000-2008210 (OF)Ken Griffey Jr.
94%
1986-2004198 (SS)Barry Larkin
89%
1972-1979152 (2B)Joe Morgan
83%
1956-1965324 (OF)Frank Robinson
72%
1971-1981244 (OF)George Foster
72%
1963-1978 (1984-1986)152 (1B)Pete Rose
72%
1964-1976287 (1B)Tony Perez
72%
1984-1991 (1996)203 (OF)Eric Davis
67%
1947-1957251 (1B)Ted Kluszewski
61%
2001-2008270 (OF)Adam Dunn
56%
2006-2016191 (2B)Brandon Phillips
44%
2015-2021189 (3B)Eugenio Suarez
44%
2008-2016233 (OF)Jay Bruce
44%
1965-1971147 (1B)Lee May
44%
1998-2005118 (1B)Sean Casey
39%
1958-1968186 (OF)Vada Pinson
39%
2011-2015108 (3B)Todd Frazier
33%
1973-1984133 (1B)Dan Driessen
22%
1932-1941120 (C)Ernie Lombardi
22%
1953-1961160 (OF)Gus Bell
22%
1934-1945110 (1B)Frank Mccormick
11%
1991-1998125 (OF)Reggie Sanders
11%
1949-1957 (1960-1963)172 (OF)Wally Post
11%

Score Distribution

Percentile by Number Answered

Percent of People with Each Score

Your Score History

You have not taken this quiz